000 00352nam a2200133Ia 4500
005 20260326100044.0
008 260326s9999||||xx |||||||||||||| ||und||
100 _aGasparini, Graziano
245 0 _aLa Arquitectura Colonial en Venezuela /
_cGraziano Gasparini
260 _bArmitano
300 _a379 p.
650 _aARQUITECTURA COLONIAL
942 _cBK
999 _c7137
_d7137